000 00476nam a2200181Ia 4500
001 8626
005 20260306160623.0
008 260306t2013||||xx |||||||||||||| ||spa||
041 _aESP
082 _a371.2
_bS25
100 _aSantos Guerra, Miguel Ángel
_eAUT
245 0 _aLas feromonas de la manzana:
_bel valor educativo de la dirección escolar
260 _c2013
300 _a149 páginas :
_c22 cm.
650 _aGEN
654 _aCED
942 _cLIB
_dJUS
_fJUS
_2ddc
_n
999 _c8626
_d8626